[Event "Leutersdorf Sparkasse op 10th"]
[Site "Leutersdorf"]
[Date "2006.02.17"]
[Round "1"]
[White "Bernsdorf, Tim"]
[Black "Kavalski, Petko"]
[Result "0-1"]
[WhiteElo "1098"]
[BlackElo "1708"]
[PlyCount "22"]
[EventDate "2006.02.17"]
[EventType "swiss"]
[EventRounds "7"]
[EventCountry "GER"]
[SourceTitle "EXT 2007"]
[Source "ChessBase"]
[SourceDate "2006.11.23"]
[SourceVersion "1"]
[SourceVersionDate "2006.11.23"]
[SourceQuality "1"]

1. e4 c5 2. Bc4 Nc6 3. d3 g6 4. Qe2 Bg7 5. Be3 Bxb2 6. Qf3 Ne5 7. Qf4 Nxc4 8. dxc4 Bxa1 9. c3 Qb6 10. Nd2 Bxc3 11. Ke2 Qf6 0-1